My big book of nursery rhymes (Record no. 74346)

MARC details
000 -LEADER
fixed length control field 00693nam a2200253 i 4500
001 - CONTROL NUMBER
control field C2-0264480
003 - CONTROL NUMBER IDENTIFIER
control field PPAK
005 - DATE AND TIME OF LATEST TRANSACTION
control field 20180727232838.0
008 - FIXED-LENGTH DATA ELEMENTS--GENERAL INFORMATION
fixed length control field 050426s2000 my a|||| ||||| | eng d
020 ## - INTERNATIONAL STANDARD BOOK NUMBER
International Standard Book Number 9831482344
040 ## - CATALOGING SOURCE
Original cataloging agency PPAK
Language of cataloging eng
Transcribing agency PPAK
Description conventions rda
082 04 - DEWEY DECIMAL CLASSIFICATION NUMBER
Classification number 398.8
Edition number 23
090 00 - LOCALLY ASSIGNED LC-TYPE CALL NUMBER (OCLC); LOCAL CALL NUMBER (RLIN)
Classification number (OCLC) (R) ; Classification number, CALL (RLIN) (NR) 398.8
Feature heading NUR
Feature heading RK
245 00 - TITLE STATEMENT
Title My big book of nursery rhymes
264 #1 - PRODUCTION, PUBLICATION, DISTRIBUTION, MANUFACTURE, AND COPYRIGHT NOTICE
Place of production, publication, distribution, manufacture Kuala Lumpur :
Name of producer, publisher, distributor, manufacturer Kohwai & Young ,
Date of production, publication, distribution, manufacture, or copyright notice [2000]
300 ## - PHYSICAL DESCRIPTION
Extent 18 pages :
Other physical details colour illustrations ;
Dimensions 17 cm
336 ## - CONTENT TYPE
Source rdacontent
Content type term text
337 ## - MEDIA TYPE
Source rdamedia
Media type term unmediated
338 ## - CARRIER TYPE
Source rdacarrier
Carrier type term volume
490 1# - SERIES STATEMENT
Series statement My big book of
650 10 - SUBJECT ADDED ENTRY--TOPICAL TERM
Topical term or geographic name entry element Nursery rhymes, English.
830 #0 - SERIES ADDED ENTRY--UNIFORM TITLE
Uniform title My big book of
942 ## - ADDED ENTRY ELEMENTS (KOHA)
-- dc
Koha item type Book
Holdings
Withdrawn Not for loan Current library Shelving location Date acquired Full call number Barcode Date last seen Koha item type Total Checkouts
  Not For Loan Perpustakaan Baling Rujukan Kanak-kanak 27/04/2005 RK 398.8 NUR A01092382 09/05/2018 Book  
  Not For Loan Perpustakaan Bandar Baharu Rujukan Kanak-kanak 27/04/2005 RK 398.8 NUR A01092380 09/05/2018 Book  
  Not For Loan Perpustakaan Jitra Rujukan Kanak-kanak 27/04/2005 RK 398.8 NUR A01092383 09/05/2018 Book  
  Not For Loan Perpustakaan Kulim Rujukan Kanak-kanak 27/04/2005 RK 398.8 NUR A01092378 09/05/2018 Book  
  Not For Loan Perpustakaan Langkawi Rujukan Kanak-kanak 27/04/2005 RK 398.8 NUR A01092377 09/05/2018 Book  
  Not For Loan Perpustakaan Sik Rujukan Kanak-kanak 27/04/2005 RK 398.8 NUR A01092381 09/05/2018 Book  
  Not For Loan Perpustakaan Yan Rujukan Kanak-kanak 27/04/2005 RK 398.8 NUR A01092379 09/05/2018 Book  
  Not For Loan PD15, Kg. Naga, Kepala Batas Rujukan Kanak-kanak 27/04/2005 RK 398.8 NUR A01092388 09/05/2018 Book  
  Not For Loan PD35, Kg. Sungai Daun, Yan Rujukan Kanak-kanak 27/04/2005 RK 398.8 NUR A01092384 09/05/2018 Book  
  Not For Loan PD36, Kg. Kuala Lanjut, Kota Star Rujukan Kanak-kanak 27/04/2005 RK 398.8 NUR A01092385 09/05/2018 Book  
  Not For Loan PD37, Kg. Belat, Pendang Rujukan Kanak-kanak 27/04/2005 RK 398.8 NUR A01092386 09/05/2018 Book  
  Not For Loan PD38, KEDA Tanjung Setol, Pendang Rujukan Kanak-kanak 27/04/2005 RK 398.8 NUR A01092387 09/05/2018 Book